Statistics for Elements that Start with N

Click here to take the quiz!

General Stats

  • This quiz has been taken 21 times
  • The average score is 6 of 8

Answer Stats

#Element% Correct
7Nitrogen
94%
10Neon
94%
28Nickel
89%
93Neptunium
78%
41Niobium
61%
102Nobelium
61%
60Neodymium
56%
113Nihonium
50%

Score Distribution

Percentile by Number Answered

Percent of People with Each Score

Your Score History

You have not taken this quiz